Rethinking the color line : (Record no. 16687)

MARC details
000 -LEADER
fixed length control field 01299cam a2200325 a 4500
001 - CONTROL NUMBER
control field 15374909
003 - CONTROL NUMBER IDENTIFIER
control field OSt
005 - DATE AND TIME OF LATEST TRANSACTION
control field 20211104103923.0
008 - FIXED-LENGTH DATA ELEMENTS--GENERAL INFORMATION
fixed length control field 080721s2009 nyuab b 000 0 eng
010 ## - LIBRARY OF CONGRESS CONTROL NUMBER
LC control number 2008031078
020 ## - INTERNATIONAL STANDARD BOOK NUMBER
International Standard Book Number 9780073404271 (pbk. : alk. paper)
020 ## - INTERNATIONAL STANDARD BOOK NUMBER
International Standard Book Number 0073404276 (pbk. : alk. paper)
040 ## - CATALOGING SOURCE
Original cataloging agency DLC
Transcribing agency hu
Modifying agency DLC
043 ## - GEOGRAPHIC AREA CODE
Geographic area code n-us---
050 00 - LIBRARY OF CONGRESS CALL NUMBER
Classification number E184.A1
Item number R4485 2009
082 00 - DEWEY DECIMAL CLASSIFICATION NUMBER
Classification number 305.800973
Edition number 22
245 00 - TITLE STATEMENT
Title Rethinking the color line :
Remainder of title readings in race and ethnicity /
Statement of responsibility, etc. [edited by] Charles A. Gallagher.
250 ## - EDITION STATEMENT
Edition statement 4th ed.
260 ## - PUBLICATION, DISTRIBUTION, ETC.
Place of publication, distribution, etc. New York :
Name of publisher, distributor, etc. McGraw-Hill Higher Education,
Date of publication, distribution, etc. c2009.
300 ## - PHYSICAL DESCRIPTION
Extent xiii, 497 p. :
Other physical details ill. (some col.), maps (some col.) ;
Dimensions 24 cm.
504 ## - BIBLIOGRAPHY, ETC. NOTE
Bibliography, etc. note Includes bibliographical references.
650 #0 - SUBJECT ADDED ENTRY--TOPICAL TERM
Topical term or geographic name entry element Minorities
General subdivision Civil rights
Geographic subdivision United States.
9 (RLIN) 16894
651 #0 - SUBJECT ADDED ENTRY--GEOGRAPHIC NAME
Geographic name United States
General subdivision Race relations.
9 (RLIN) 16895
651 #0 - SUBJECT ADDED ENTRY--GEOGRAPHIC NAME
Geographic name United States
General subdivision Ethnic relations.
9 (RLIN) 16896
700 1# - ADDED ENTRY--PERSONAL NAME
Personal name Gallagher, Charles A.
Fuller form of name (Charles Andrew),
Dates associated with a name 1962-
9 (RLIN) 16897
856 41 - ELECTRONIC LOCATION AND ACCESS
Materials specified Table of contents only
Uniform Resource Identifier <a href="http://www.loc.gov/catdir/toc/ecip0823/2008031078.html">http://www.loc.gov/catdir/toc/ecip0823/2008031078.html</a>
906 ## - LOCAL DATA ELEMENT F, LDF (RLIN)
a 7
b cbc
c orignew
d 1
e ecip
f 20
g y-gencatlg
942 ## - ADDED ENTRY ELEMENTS (KOHA)
Source of classification or shelving scheme Dewey Decimal Classification
Koha item type Books like text book referance book
Suppress in OPAC No
Holdings
Withdrawn status Lost status Source of classification or shelving scheme Damaged status Not for loan Home library Current library Shelving location Date acquired Total Checkouts Full call number Barcode Date last seen Copy number Price effective from Koha item type
    Dewey Decimal Classification     Social Library Social Library General Stacks 11/04/2021   505.800973/CAL SHLIB 00010926 11/04/2021 1 11/04/2021 Books like text book referance book